| 000 | | | 04806nac2a22003253x 450 |
| 001 | | | b604397e-2c30-4c58-b55f-00bad678d964 |
| 005 | | | 20250805133731.0 |
| 100 | ## | $a | 20250619l1935 k y0rusy50 ca |
| 101 | 0# | $a | rus |
| 102 | ## | $a | RU |
| 105 | ## | $a | y z ||||| |
| 122 | 0# | $a | d19351220 |
| 200 | 1# | $a | Постановление ЦИК Союза ССР о присвоении заводу № 19 им. тов. Сталина И. В. |
| | $j | 20.12.1935 |
| 215 | ## | $a | 1 лист |
| | $d | 35,1 х 24 |
| 251 | ## | $c | Дело |
| 300 | ## | $a | Заголовок дела на папке: Постановление ЦИК Союза ССР О присвоении заводу № 19 имени тов. Сталина |
| 300 | ## | $a | Машинописный текст с рукописными пометками |
| 330 | ## | $a | Входит в раздел описи: Оргкомиссия |
| 461 | #0 | $1 | 001796d4672-8a00-4986-b488-6e42273792cc |
| | $1 | 2001 |
| | $a | ЦЕНТРАЛЬНЫЙ ИСПОЛНИТЕЛЬНЫЙ КОМИТЕТ СССР (ЦИК СССР). |
| | $1 | 251 |
| | $c | Фонд |
| | $1 | 852 |
| | $g | Р |
| | $j | 3316 |
| 462 | #0 | $1 | 001b2b03070-aa26-4135-b154-6f52ec7c8bcd |
| | $1 | 2001 |
| | $a | Дела Секретариата Президиума ЦИК Союза ССР за 1935 год |
| | $v | Д. 110 |
| | $1 | 251 |
| | $c | Опись |
| | $1 | 852 |
| | $j | 28 |
| 517 | 1# | $a | Постановление ЦИК Союза ССР О присвоении заводу № 19 имени тов. Сталина |
| 601 | 02 | $a | Завод имени тов. Сталина |
| | $c | 19 |
| 605 | ## | $3 | DITM\AF\0000002775 |
| | $a | Власть |
| | $l | коллекция |
| | $2 | acquisition_prlib |
| 610 | 1# | $a | Постановление |
| | $a | Присвоение имени |
| | $a | Завод |
| | $a | Сталин И. В. |
| 686 | ## | $a | 67.401.011.12ю1 |
| | $c | Право |
| | $2 | rubbk |
| 686 | ## | $a | 63.3(2)614-332ю1 |
| | $c | История |
| | $2 | rubbk |
| 710 | 01 | $3 | RU\NLR\AUTH\880357276 |
| | $a | СССР |
| | $b | ЦИК |
| 801 | #0 | $a | RU |
| | $b | GA_RF |
| 801 | #1 | $a | RU |
| | $b | ГлавНИВЦ |
| | $c | 20250619 |
| | $2 | rusmarc |
| 801 | #2 | $a | RU |
| | $b | ПБ им. Б.Н. Ельцина |
| | $c | 20250805 |
| | $g | RCR |
| | $2 | rusmarc |
| 852 | ## | $a | ГА РФ |
| | $j | 110 |
| 937 | ## | $d | 197769407 |
| | $h | ГАРФ |
| 035 | ## | $a | RuPRLIB51080388 |
| 856 | ## | $u | http://readingroom.main.prlib.ru/item.aspx?id_node=n197769407&mode=full |